<?xml version="1.0" encoding="UTF-8"?>
<record
    xmlns:xsi="http://www.w3.org/2001/XMLSchema-instance"
    xsi:schemaLocation="http://www.loc.gov/MARC21/slim http://www.loc.gov/standards/marcxml/schema/MARC21slim.xsd"
    xmlns="http://www.loc.gov/MARC21/slim">

  <leader>01441nam a2200313 i 4500</leader>
  <controlfield tag="003">OSt</controlfield>
  <controlfield tag="005">20241020160445.0</controlfield>
  <controlfield tag="008">240829t20212010pauoa  gr     001 0 eng d</controlfield>
  <datafield tag="020" ind1=" " ind2=" ">
    <subfield code="a">9780811770286</subfield>
    <subfield code="c">RM123.50</subfield>
    <subfield code="q">paperback</subfield>
  </datafield>
  <datafield tag="040" ind1=" " ind2=" ">
    <subfield code="a">PPAK </subfield>
    <subfield code="b">eng </subfield>
    <subfield code="c">PPAK </subfield>
    <subfield code="e">rda</subfield>
  </datafield>
  <datafield tag="082" ind1="0" ind2="4">
    <subfield code="2">23</subfield>
    <subfield code="a">746.443041 </subfield>
  </datafield>
  <datafield tag="090" ind1="0" ind2="0">
    <subfield code="a">746.443041 </subfield>
    <subfield code="b">GRE </subfield>
    <subfield code="d">G</subfield>
  </datafield>
  <datafield tag="100" ind1="1" ind2=" ">
    <subfield code="a">Greenoff, Jane, </subfield>
    <subfield code="e">author. </subfield>
  </datafield>
  <datafield tag="245" ind1="1" ind2="0">
    <subfield code="a">100+ CROSS STITCH Patterns to Mix and Match : </subfield>
    <subfield code="b">MOTIFS AND BORDERS, PLUS 21 ALPHABETS / </subfield>
    <subfield code="c">Jane Greenoff ; Editor: Anna Southgate</subfield>
  </datafield>
  <datafield tag="246" ind1="3" ind2="1">
    <subfield code="a">One hundred plus cross stitch patterns to mix and match : </subfield>
    <subfield code="b">motifs and borders, plus twenty one alphabets</subfield>
  </datafield>
  <datafield tag="250" ind1=" " ind2=" ">
    <subfield code="a">First Edition </subfield>
  </datafield>
  <datafield tag="264" ind1=" " ind2="1">
    <subfield code="a">Lanham, MD :</subfield>
    <subfield code="b">STACKPOLE BOOKS, </subfield>
    <subfield code="c">[2021?]</subfield>
  </datafield>
  <datafield tag="264" ind1=" " ind2="4">
    <subfield code="c">&#xA9;2010</subfield>
  </datafield>
  <datafield tag="300" ind1=" " ind2=" ">
    <subfield code="a">144 pages : </subfield>
    <subfield code="b">chiefly colour photographs, chiefly colour illustrations ; </subfield>
    <subfield code="c">28 cm</subfield>
  </datafield>
  <datafield tag="336" ind1=" " ind2=" ">
    <subfield code="a">text</subfield>
    <subfield code="2">rdacontent</subfield>
  </datafield>
  <datafield tag="337" ind1=" " ind2=" ">
    <subfield code="a">unmediated</subfield>
    <subfield code="2">rdamedia</subfield>
  </datafield>
  <datafield tag="338" ind1=" " ind2=" ">
    <subfield code="a">volume</subfield>
    <subfield code="2">rdacarrier</subfield>
  </datafield>
  <datafield tag="500" ind1=" " ind2=" ">
    <subfield code="a">Includes index</subfield>
  </datafield>
  <datafield tag="520" ind1=" " ind2=" ">
    <subfield code="a">"With the 100+ motif and border patterns in this book, it's easy to combine them to make your own cross stitch designs. The 21 unique cross stitch alphabets, made to coordinate with the motifs in a variety of styles, allow you to add words to complement your ideas"-- Provided by publisher.</subfield>
  </datafield>
  <datafield tag="650" ind1="1" ind2="0">
    <subfield code="a">Cross-stitch </subfield>
    <subfield code="v">Patterns</subfield>
  </datafield>
  <datafield tag="650" ind1="2" ind2="0">
    <subfield code="a">Embroidery</subfield>
    <subfield code="v">Patterns</subfield>
  </datafield>
  <datafield tag="700" ind1="1" ind2=" ">
    <subfield code="a">Southgate, Anna, </subfield>
    <subfield code="e">editor. </subfield>
  </datafield>
  <datafield tag="942" ind1=" " ind2=" ">
    <subfield code="2">ddc</subfield>
    <subfield code="c">B</subfield>
  </datafield>
  <datafield tag="999" ind1=" " ind2=" ">
    <subfield code="c">196842</subfield>
    <subfield code="d">196842</subfield>
  </datafield>
  <datafield tag="952" ind1=" " ind2=" ">
    <subfield code="0">0</subfield>
    <subfield code="7">0</subfield>
    <subfield code="b">PPAK</subfield>
    <subfield code="c">G</subfield>
    <subfield code="d">2024-10-24</subfield>
    <subfield code="l">0</subfield>
    <subfield code="o">746.443041  GRE </subfield>
    <subfield code="p">A01848883</subfield>
    <subfield code="r">2024-10-24 08:01:38</subfield>
    <subfield code="y">B</subfield>
  </datafield>
  <datafield tag="952" ind1=" " ind2=" ">
    <subfield code="0">0</subfield>
    <subfield code="7">0</subfield>
    <subfield code="b">SP</subfield>
    <subfield code="c">G</subfield>
    <subfield code="d">2024-10-24</subfield>
    <subfield code="l">0</subfield>
    <subfield code="o">746.443041  GRE </subfield>
    <subfield code="p">A01848884</subfield>
    <subfield code="r">2024-10-24 08:01:38</subfield>
    <subfield code="y">B</subfield>
  </datafield>
  <datafield tag="952" ind1=" " ind2=" ">
    <subfield code="0">0</subfield>
    <subfield code="7">0</subfield>
    <subfield code="b">JT</subfield>
    <subfield code="c">G</subfield>
    <subfield code="d">2024-10-24</subfield>
    <subfield code="l">0</subfield>
    <subfield code="o">746.443041  GRE </subfield>
    <subfield code="p">A01848885</subfield>
    <subfield code="r">2024-10-24 08:01:38</subfield>
    <subfield code="y">B</subfield>
  </datafield>
</record>
